Music Quiz

Random Music Quiz
Score 0/146 Timer 12:00
0 Plays Today
Lyrics % Correct
I
100%
I've
100%
the
100%
the
100%
you
100%
you
100%
we
100%
the
100%
the
100%
the
100%
and
85.7%
in
85.7%
my
85.7%
and
85.7%
I'm
85.7%
gonna
85.7%
it
85.7%
my
85.7%
all
85.7%
And
85.7%
is
85.7%
and
85.7%
are
85.7%
my
85.7%
one
85.7%
I'm
85.7%
gonna
85.7%
or
85.7%
my
85.7%
on
85.7%
hear
85.7%
that
85.7%
If
85.7%
then
85.7%
a
85.7%
a
85.7%
If
85.7%
my
85.7%
I'm
85.7%
gonna
85.7%
my
85.7%
be
85.7%
no
85.7%
for
85.7%
a
85.7%
or
85.7%
No
85.7%
Who
85.7%
And
85.7%
Lyrics % Correct
from
85.7%
be
85.7%
get
71.4%
got
71.4%
been
71.4%
now
71.4%
but
71.4%
can't
71.4%
your
71.4%
won't
71.4%
your
71.4%
will
71.4%
have
71.4%
but
71.4%
gotta
71.4%
have
71.4%
when
71.4%
well
57.1%
let's
57.1%
together
57.1%
some
57.1%
Well
57.1%
well
57.1%
with
57.1%
Well
57.1%
we'll
57.1%
they're
57.1%
They'll
57.1%
more
57.1%
two
57.1%
more
57.1%
with
57.1%
Well
57.1%
tonight
42.9%
really
42.9%
right
42.9%
week
42.9%
gone
42.9%
dance
42.9%
music
42.9%
really
42.9%
put
42.9%
come
42.9%
week
42.9%
Ah
28.6%
c'mon
28.6%
everybody
28.6%
money
28.6%
jeans
28.6%
Lyrics % Correct
spend
28.6%
long
28.6%
C'mon
28.6%
everybody
28.6%
Ah
28.6%
three
28.6%
four
28.6%
sit
28.6%
still
28.6%
sister
28.6%
C'mon
28.6%
everybody
28.6%
home
28.6%
cares
28.6%
C'mon
28.6%
everybody
28.6%
C'mon
28.6%
everybody
28.6%
C'mon
28.6%
everybody
28.6%
floor
28.6%
house
14.3%
empty
14.3%
folks
14.3%
brother
14.3%
rock
14.3%
party
14.3%
guard
14.3%
outside
14.3%
folks
14.3%
runnin'
14.3%
round
14.3%
usual
14.3%
crew
14.3%
slappin'
14.3%
feet
14.3%
a-doin'
0%
homework
0%
Ooo
0%
baby's
0%
number
0%
Ooo
0%
afraid
0%
hide
0%
movies
0%
bare
0%
a-shakin'
0%
house'll
0%
Remove Ads.
Support Sporcle.
Get the best of Sporcle when you Go Orange. This ad-free experience offers more features, more stats, and more fun while also helping to support Sporcle. Thank you for becoming a member.

You're not logged in!

Compare scores with friends on all Sporcle quizzes.
OR
Log In

Show Comments

Extras

Created Sep 26, 2019ReportNominateIcon Source: Pixabay
Tags:1958, Mystery

Top Quizzes Today


Score Distribution

Your Account Isn't Verified!

In order to create a playlist on Sporcle, you need to verify the email address you used during registration. Go to your Sporcle Settings to finish the process.

Report this User

Report this user for behavior that violates our Community Guidelines.

Details: